Biblioteca

Reflexiones dominicales (Registro nro. 51673)

Detalles MARC
000 -LÍDER
Campo fijo de descripción fija 00875aab a2200205 i 4500
001 - NÚMERO DE CONTROL
Campo de control 768714001
003 - IDENTIFICADOR DEL NÚMERO DE CONTROL
Campo de control CO-MdFUSB
005 - FECHA Y HORA DE LA ULTIMA TRANSACCIÓN
control field 20240618062716.0
008 - ELEMENTOS DE LONGITUD FIJA -- INFORMACIÓN GENERAL
Campo fijo de descripción fija -- Información general 240418t1986 ag ||||| |||| 00| 0 spa d
040 ## - FUENTE DE CATALOGACIÓN
Idioma de catalogación spa
Agencia que realiza la transcripción CO-MdFUSB
041 ## - CÓDIGO DE IDIOMA
Código de idioma para texto/pista de sonido o título separado spa
100 1# - ASIENTO PRINCIPAL--NOMBRE PERSONAL
Nombre personal Rankin, Trudy C.
Término relacionador autor
245 ## - TÍTULO
Título Reflexiones dominicales
Mención de responsabilidad / Trudy C. Rankin
300 ## - DESCRIPCIÓN FÍSICA
Extensión Volumen 5, número 3 y 4, (diciembre, 1986), página: 131
Dimensiones ; 27 cm
520 ## - NOTA DE RESUMEN, ETC.
Nota de sumario, etc. Nota sobre la experiencia de cristianos con el programa ALFALIT DOMINICANO, equipo de desarrollo, dispuesto para trabajar con el pueblo marginado para llenar con paladas ese hueco de pobreza e injusticia que azota la sociedad dominicana.
650 #0 - ASIENTO SECUNDARIO DE MATERIA - TERMINO TEMÁTICO
Término temático o nombre geográfico como elemento de entrada Misiones
9 (RLIN) 154
650 #0 - ASIENTO SECUNDARIO DE MATERIA - TERMINO TEMÁTICO
Término temático o nombre geográfico como elemento de entrada Vida cristiana
9 (RLIN) 19
773 0# - ASIENTO DE ITEM FUENTE
Título Iglesia y Misión
Biblionumber 49402
Itemnumber 59679
Parte(s) relacionada(s) / Volumen., número. (mes año), páginas Volumen 5, número 3 y 4, (diciembre, 1986), página: 131
Enumeración y primera página página: 131
942 ## - TIPO DE MATERIAL (KOHA)
Tipo de Item KOHA Artículos de Revista

No hay ítems disponibles.

Biblioteca FUSBC | Teléfono: (57+4) 349 88 10 Ext. 141| WhatsApp (+57) 3005338115 
E-mail: biblioteca@unisbc.edu.co | Calle 76 87-14 Robledo Palenque, Medellín, Colombia

Con tecnología Koha